Statistiques concernant Jeu de lettres

Cliquez ici pour prendre le quiz!

Statistiques générales

  • Ce quiz a été pris 18 fois
  • Le résultat moyen est 2 sur 12

Statistiques - réponses

Mot de baseNouveau mot% Correct
NerfNeuf
41%
OncleOngle
35%
BougeBougie
24%
FirmeFerme
24%
PéagePage
24%
FondueFondre
12%
FadeJade
12%
UnionOignon
12%
MairePaire
12%
RicheTriche
12%
CouleCoupe
0%
IdiotesIdioties
0%

Distribution des résultats

Percentile par nombre de réponses

% des personnes avec chaque résultat

Votre développement - résultats

Vous n’avez pas pris ce quiz